Fires i mercats : aprofita' ls aprofita' ls
Publicado:
Barcelona :
Diputació de Barcelona. Àrea de Desenvolupament Econòmic i Ocupació. Gerència de Serveis de Comerç ,
2012
Descripción Física:
1 f. pleglat en 4 parts ; 21 x 10 cm
MARC
| LEADER | 00000nam a2200000Ia 4500 | ||
|---|---|---|---|
| 001 | 23684 | ||
| 008 | 160829s2012 xx 000 0 cat d | ||
| 080 | |a FU-61-106 | ||
| 245 | |a Fires i mercats : |b aprofita' ls | ||
| 260 | |a Barcelona : |b Diputació de Barcelona. Àrea de Desenvolupament Econòmic i Ocupació. Gerència de Serveis de Comerç, |c 2012 | ||
| 300 | |a 1 f. pleglat en 4 parts ; |c 21 x 10 cm | ||
| 650 | 0 | |a Fires |x Barcelona (Catalunya : Província) |9 38336 | |
| 650 | 0 | |a Mercats |x Barcelona (Província) |9 39474 | |
| 710 | 1 | |a Barcelona (Catalunya : Província). |b Gerència de Serveis de Comerç |9 54400 | |
| 901 | |a Arxiu | ||
| 942 | |n 1 | ||
| 952 | |0 0 |1 0 |4 0 |6 FU61106 |7 1 |9 55613 |a Arxiu |b Arxiu |d 2016-12-01 |l 0 |o FU-61-106 |p 23684 |r 2016-12-01 00:00:00 |w 2016-12-01 |y ARXIU | ||
| 999 | |c 59486 |d 59486 | ||